Guess The Superhero Logos - Statistics

General Stats
  • This quiz has been taken 84 times
  • The average score is 19 of 24
Answer Stats
Picture Answer % Correct
Iron Man
100%
Spiderman
100%
Batman
99%
Superman
99%
Captain America
97%
Hulk
97%
Avengers
95%
Deadpool
94%
Flash
94%
Thor
94%
Wonder Woman
94%
Green Lantern
91%
Fantastic Four
82%
Robin
78%
Punisher
77%
Daredevil
74%
X-Men
73%
Black Widow
64%
Blue Beetle
62%
Atom
56%
Aquaman
54%
Shield
54%
Doctor Strange
45%
Catwoman
21%
No matching quizzes found
Score Distribution
Percent of People with Each Score
Percentile by Number Answered
Your Score History
You have not taken this quiz